Carregando...
Critical Thinking , Academic Writing and Presentation skills
| Autor principal: | |
|---|---|
| Formato: | Printed Book |
| Publicado em: |
Pearson, New Delhi
2008
|
| LEADER | 00375nam a2200109 4500 | ||
|---|---|---|---|
| 082 | |||
| 100 | |a Marilyn Anderson & Others | ||
| 245 | |a Critical Thinking , Academic Writing and Presentation skills |c Marilyn Anderson & Others | ||
| 260 | |a Pearson, New Delhi |c 2008 | ||
| 942 | |c BK | ||
| 999 | |c 198223 |d 198223 | ||
| 952 | |0 0 |1 0 |4 0 |7 0 |9 211572 |a DCI |b DCI |d 2019-10-29 |l 0 |p DCI4955 |r 2019-10-29 |w 2019-10-29 |y BK | ||